Vista normal Vista MARC

Entrada Materia (personas)

Número de registros utilizados en: 6

001 - CONTROL NUMBER

  • control field: 71279

003 - CONTROL NUMBER IDENTIFIER

  • control field: Co-BoUCM

005 - DATE AND TIME OF LATEST TRANSACTION

  • control field: 20150904082924.0

008 - FIXED-LENGTH DATA ELEMENTS

  • fixed length control field: 150904|| aca||aabn | a|a d

040 ## - CATALOGING SOURCE

  • Original cataloging agency: Co-BoUCM
  • Transcribing agency: Co-BoUCM

100 ## - HEADING--PERSONAL NAME

  • Personal name: Vega, Fernando de la
  • Dates associated with a name: 1892-

670 ## - SOURCE DATA FOUND

  • Source citation: Work cat.: (Co-BoUCM): Vega, Fernando de la 1892-, Letrados y políticos, 1926